Teoría del sistema tributario español / (Record no. 29417)

MARC details
000 -LEADER
campo de control de longitud fija 00541nam a2200181 i 4500
001 - NÚMERO DE CONTROL
campo de control 29417
003 - IDENTIFICADOR DE NÚMERO DE CONTROL
campo de control ES-MaACL
005 - FECHA Y HORA DE LA ÚLTIMA TRANSACCIÓN
campo de control 20250826043914.0
007 - CAMPO FIJO DE DESCRIPCIÓN FÍSICA--INFORMACIÓN GENERAL
campo de control de longitud fija t|
008 - DATOS DE LONGITUD FIJA--INFORMACIÓN GENERAL
campo de control de longitud fija 030121s1934 sp ||||1| spa d
100 1# - ENTRADA PRINCIPAL--NOMBRE DE PERSONA
Nombre de persona Ballesteros, Pío,
Fechas asociadas al nombre 1882-1952
9 (RLIN) 25043
245 10 - MENCIÓN DEL TÍTULO
Título Teoría del sistema tributario español /
Mención de responsabilidad, etc. por Pío Ballesteros.
260 ## - PUBLICACIÓN, DISTRIBUCIÓN, ETC.
Lugar de publicación, distribución, etc. Madrid :
Nombre del editor, distribuidor, etc. Revista de Derecho Privado,
Fecha de publicación, distribución, etc. [1934]
300 ## - DESCRIPCIÓN FÍSICA
Extensión 124 p. ;
Dimensiones 14 cm.
650 #4 - PUNTO DE ACCESO ADICIONAL DE MATERIA--TÉRMINO DE MATERIA
Término de materia o nombre geográfico como elemento de entrada Impuestos-
Subdivisión geográfica España
9 (RLIN) 13634
852 ## - LOCALIZACIÓN
Ubicación ES-MaACL
Número de control de estantería B-8445
Holdings
Estatus retirado Estado de pérdida Estado de daño No para préstamo Biblioteca de origen Biblioteca actual Ubicación en estantería Fecha de adquisición Fuente de adquisición Total de préstamos Signatura topográfica completa Código de barras Visto por última vez Precio de reemplazo Tipo de ítem Koha
        Biblioteca del Ateneo de Madrid Biblioteca del Ateneo de Madrid Sala Pardo Bazán 17/01/2008     B-8445 1030369 23/02/2023 23/02/2023 Libro impreso